| Tag |
First Indicator |
Second Indicator |
Subfields |
| LEADER |
00000cam a2200000 4500 |
| 001 |
in00000414713 |
| 005 |
20151012063605.0 |
| 008 |
830815c19731972nyua b 00010 eng d |
| 035 |
|
|
|a (OCoLC)09811887
|
| 035 |
|
|
|9 ABW0178AM
|
| 040 |
|
|
|a NPL
|c NPL
|d TXA
|d UtOrBLW
|
| 049 |
|
|
|a TXAM
|c [A09634405]
|
| 090 |
|
|
|a PR6058.U37
|b O737 1973
|
| 092 |
|
|
|a 792
|b Sm63
|
| 100 |
1 |
|
|a Smith, A. C. H.
|q (Anthony Charles H.),
|d 1935-
|
| 245 |
1 |
0 |
|a Orghast at Persepolis ;
|b an international experiment in theatre /
|c by A.C.H. Smith ; directed by Peter Brook and written by Ted Hughes.
|
| 264 |
|
1 |
|a New York :
|b Viking,
|c 1973
|
| 264 |
|
4 |
|c ©1972
|
| 300 |
|
|
|a 264 pages :
|b illustrations
|
| 336 |
|
|
|a text
|b txt
|2 rdacontent
|
| 337 |
|
|
|a unmediated
|b n
|2 rdamedia
|
| 338 |
|
|
|a volume
|b nc
|2 rdacarrier
|
| 490 |
0 |
|
|a A Richard Seaver book
|
| 600 |
1 |
0 |
|a Hughes, Ted,
|d 1930-1998.
|t Orghast.
|
| 600 |
1 |
0 |
|a Brook, Peter.
|
| 610 |
2 |
0 |
|a International Centre of Theatre Research.
|
| 999 |
|
|
|a MARS
|
| 999 |
f |
f |
|s d531f844-24e2-3964-bbf3-7e8aa1c3943d
|i 01a4f240-730e-37be-9bc9-ffbfd0afdff4
|t 0
|
| 952 |
f |
f |
|p normal
|a Texas A&M University
|b College Station
|c Sterling C. Evans Library
|d Evans: Library Stacks
|t 0
|e PR6058.U37 O737 1973
|h Library of Congress classification
|i unmediated -- volume
|m A14809634405
|
| 998 |
f |
f |
|a PR6058.U37 O737 1973
|t 0
|l Evans: Library Stacks
|